000 00750nam a2200193Ia 4500
999 _c37659
_d37659
001 3631
003 GE_BSU
005 20190603162400.0
008 181216s1989|||| |||||||||||||| ||geo||
040 _cGE_BSU
041 _ageo
080 _a76 ჯ–18
100 _aჯალიაშვილი, ლ.
_92010
245 _aსაინჟინრო გრაფიკის სპეციალური კურსი : დამხმარე სახელმძღვანელო /
_cლ. ჯალიაშვილი.
264 _aთბილისი :
_bგანათლება,
_c1989.
300 _a155 გვ .:
_bილ.
_c20 სმ.
653 _aსაინჟინრო გრაფიკა
942 _cBK
_2udc